Výdobytky vedy uplatňovať v telovýchovnej praxi

Bibliographic Details
Main Author: Komadel, Ľudovít, 1927-2022 (Author)
Format: Article
Language:Slovak
Subjects:

MARC

LEADER 00000nab a2200000 a 4500
001 vtls000115084
003 SK-MaSNL
005 20260305005515.0
008 111104c1982 xo 0 slo
015 |a SNBRB19rr/mm-uuuuu 
035 |a CL0125188 
040 |a SNKBUCL  |b slo  |c SNKBUCL  |e AACR2 
041 0 |a slo 
044 |a xo  |c SK 
080 |a 796/799  |2 1981 
080 |a 061.6  |2 1981 
100 1 |a Komadel, Ľudovít,  |d 1927-2022  |4 aut  |9 15774 
245 1 0 |a Výdobytky vedy uplatňovať v telovýchovnej praxi  |c Ľudovít Komadel 
610 2 7 |a Univerzita Komenského v Bratislave.  |b Fakulta telesnej výchovy a športu.  |b Výskumný ústav telesnej kultúry  |2 SNKKA  |9 249172 
650 0 7 |a telovýchova  |2 snkbucl  |9 1044 
651 7 |a 5100  |2 snkbucl  |9 166206 
655 7 |a články z novín a časopisov  |2 snkbucl  |9 267496 
773 0 |t Tréner  |g Roč. 26, č. 2 (1982), s. 49-50 
850 |a Slovenská národná knižnica v Martine  |a MTA001 
852 |a SNK  |b KIS3GCP 
958 |a RK 
992 |a RBX 
999 |c 3240913  |d 3242843